书目信息 |
| 题名: |
公路货代实务案例
|
|
| 作者: | 牛鱼龙 主编 | |
| 分册: | ||
| 出版信息: | 上海 同济大学出版社 2007.12 |
|
| 页数: | 395页 | |
| 开本: | 26cm | |
| 丛书名: | 货代物流实务案例丛书 | |
| 单 册: | ||
| 中图分类: | F540.5 | |
| 科图分类: | ||
| 主题词: | 公路运输--gong lu yun shu--货物运输--代理(经济) | |
| 电子资源: | ||
| ISBN: | 978-7-5608-3706-2 | |
| 000 | 00977nam 2200253 450 | |
| 001 | 012009032566 | |
| 005 | 20090918133821.87 | |
| 010 | @a978-7-5608-3706-2@dCNY49.00 | |
| 100 | @a20090918d2007 em y0chiy0120 ea | |
| 101 | 0 | @achi |
| 102 | @aCN@b310000 | |
| 105 | @ay z 000yy | |
| 106 | @ar | |
| 200 | 1 | @a公路货代实务案例@Agong lu huo dai shi wu an li@f牛鱼龙主编@Fniu yu long zhu bian |
| 210 | @a上海@c同济大学出版社@d2007.12 | |
| 215 | @a395页@d26cm | |
| 225 | 2 | @a货代物流实务案例丛书@Ahuo dai wu liu shi wu an li cong shu |
| 330 | @a本书主要内容包括公路货物运输代理的基本知识和操作常识,公路货代企业的规章制度和战略发展,有 代表性的部分公路货物运输代理的典型企业,以及该领域出现的经济纠纷、合同纠纷等法院判决的案例等等。 | |
| 410 | 0 | @12001 @a货代物流实务案例丛书 |
| 606 | 0 | @a公路运输@Agong lu yun shu@x货物运输@x代理(经济) |
| 690 | @aF540.5@v4 | |
| 701 | 0 | @a牛鱼龙@Aniu yu long@4主编 |
| 801 | 0 | @aCN@bQSSK@c20090918 |
| 905 | @b755440-42@dF540.5@eN726@f3 | |
| 公路货代实务案例/牛鱼龙主编.-上海:同济大学出版社,2007.12 |
| 395页;26cm.-(货代物流实务案例丛书) |
| ISBN 978-7-5608-3706-2:CNY49.00 |
| 本书主要内容包括公路货物运输代理的基本知识和操作常识,公路货代企业的规章制度和战略发展,有 代表性的部分公路货物运输代理的典型企业,以及该领域出现的经济纠纷、合同纠纷等法院判决的案例等等。 |
| ● |
| 相关链接 |
|
|
|
正题名:公路货代实务案例
索取号:F540.5/N726
 
预约/预借
| 序号 | 登录号 | 条形码 | 馆藏地/架位号 | 状态 | 备注 |
| 1 | 755440 | 207554403 | 社科库409/409社科库 38排1列4层/ [索取号:F540.5/N726] | 在馆 | |
| 2 | 755441 | 207554412 | 社科库409/409社科库 38排1列4层/ [索取号:F540.5/N726] | 在馆 | |
| 3 | 755442 | 207554421 | 社科二线422/422社科库 37排3列4层/ [索取号:F540.5/N726] | 在馆 |